000 00292pab a2200109 454500
008 180718b xxu||||| |||| 00| 0 eng d
100 _aChakraborty, Tapan
245 _aHow to improve police image in India
650 _aPolice - India
773 _aPolice Research and Development
909 _a22316
999 _c22316
_d22316